اداب اور نظرية ;;; [adab awar nazaria] / (Record no. 80208)
[ view plain ]
| 000 -LEADER | |
|---|---|
| fixed length control field | 00590nam a2200193 a 4500 |
| 001 - CONTROL NUMBER | |
| control field | 80208 |
| 003 - CONTROL NUMBER IDENTIFIER | |
| rucl marc code | BD-RjUL |
| 005 - DATE AND TIME OF LATEST TRANSACTION | |
| control field | 20220821094943.0 |
| 008 - FIXED-LENGTH DATA ELEMENTS--GENERAL INFORMATION | |
| fixed length control field | 220821s1954 pk ||||| |||| 00| 0 ur d |
| 035 ## - SYSTEM CONTROL NUMBER | |
| System control number | (BD-RjUL)80208 |
| 040 ## - CATALOGING SOURCE | |
| Original cataloging agency | BD-RjUL |
| Language of cataloging | eng |
| Transcribing agency | BD-RjUL |
| 041 ## - LANGUAGE CODE | |
| Language code of text/sound track or separate title | urd |
| 082 ## - DEWEY DECIMAL CLASSIFICATION NUMBER | |
| Edition number | 23 |
| Classification number | 891.43909 |
| Author mark and year | SAA 1954 |
| 100 ## - MAIN ENTRY--PERSONAL NAME | |
| Personal name | [ Sarwar, Al Ahmed] ;;; سروار, ال احمد |
| 9 (RLIN) | 4414 |
| 245 10 - TITLE STATEMENT | |
| Title | اداب اور نظرية ;;; [adab awar nazaria] / |
| Statement of responsibility, etc. | Al Ahmad Sarwar ;;; []ال احمد سروار |
| 300 ## - PHYSICAL DESCRIPTION | |
| Pagination | 296 p. ; |
| Size | 19 cm |
| 650 ## - SUBJECT ADDED ENTRY--TOPICAL TERM | |
| Topical term or geographic name as entry element | Urdu Literature |
| 942 ## - ADDED ENTRY ELEMENTS (KOHA) | |
| Source of classification or shelving scheme | Dewey Decimal Classification |
| Koha item type | Books |
| Lost status | Source of classification or shelving scheme | Damaged status | Not for loan | Collection code | Permanent Location | Current Location | Shelving location | Date acquired | Source of acquisition | Total Checkouts | Full call number | Date last seen | Copy number | Koha item type |
|---|---|---|---|---|---|---|---|---|---|---|---|---|---|---|
| Dewey Decimal Classification | Not For Loan | Non-fiction | Central Library, University of Rajshahi | Central Library, University of Rajshahi | Reading Room | 11/04/1960 | usmania book , | U 891.43909 SAA 1954 | 21/08/2022 | C-1 | Books |